000 01314nam a22003254a 4500
001 ebr10273308
003 CaPaEBR
006 m u
007 cr cn|||||||||
008 020614s2003 nyu sb 001 0 eng
010 _z 2002008363
020 _z0195160002 (acid-free paper)
020 _z0195160010 (pbk.)
040 _aCaPaEBR
_cCaPaEBR
035 _a(OCoLC)646793034
050 1 4 _aHQ766.2
_b.S23 2003eb
082 0 4 _a291.5/66
_221
245 0 0 _aSacred rights
_h[electronic resource] :
_bthe case for contraception and abortion in world religions /
_cedited by Daniel C. Maguire.
260 _aOxford [UK] ;
_aNew York :
_bOxford University Press,
_c2003.
300 _aviii, 295 p.
504 _aIncludes bibliographical references and index.
533 _aElectronic reproduction.
_bPalo Alto, Calif. :
_cebrary,
_d2013.
_nAvailable via World Wide Web.
_nAccess may be limited to ebrary affiliated libraries.
650 0 _aBirth control
_xReligious aspects.
650 0 _aContraception
_xReligious aspects.
650 0 _aAbortion
_xReligious aspects.
655 7 _aElectronic books.
_2local
700 1 _aMaguire, Daniel C.
710 2 _aebrary, Inc.
856 4 0 _uhttp://site.ebrary.com/lib/rucke/Doc?id=10273308
_zAn electronic book accessible through the World Wide Web; click to view
999 _c6831
_d6831